| 000 | 01000nam a22002057a 4500 | ||
|---|---|---|---|
| 999 |
_c59090 _d59090 |
||
| 003 | Ge_BSU | ||
| 005 | 20221124110448.0 | ||
| 008 | 221124s1974ge xxu||||| |||| 00| 0 geo d | ||
| 041 | _ageo | ||
| 080 | _a821.512.162-13 გ-20 | ||
| 100 |
_aგანჯელი, ნიზამი დაახლ. 1141-1209. _916018 |
||
| 245 |
_aლირიკა ; ლეილი და მაჯნუნი : _b [პოემა] / _cნიზამი განჯელი ; მთარგმნ.: მ. თოდუა. |
||
| 264 |
_aთბილისი : _bსაბჭ. საქართველო, _c1974. |
||
| 300 |
_a350 გვ. : _b 1 ფ. პორტრ. ; _c22 სმ. |
||
| 440 |
_aმსოფლიო ლიტერატურის ბიბლიოთეკა ტ. 11 _916019 |
||
| 653 | _aლირიკა ; ლეილი და მაჯნუნი | ||
| 653 | _aპოემა | ||
| 700 |
_aთოდუა, მ _eმთარგმნელი _94208 |
||
| 942 |
_2udc _cBK |
||